Score 0/22 Timer 10:00
0 Plays Today
% Correct
You say 'tomato,' I say 'pimp.'
92.2%
You said 'disable,' it's not going anywhere.
90.3%
Yeah. I'd do it for twenty.
90.3%
Sorry Fi, I don't think so. Chuck Finley is forever.
89%
Sam, I would never let that happen. I'd smother you with a pillow first.
87.5%
What? I work better when I can breathe down there!
87.1%
Ooh, let's avoid people who use 'Michael Westen' and 'jihad' in the same sentence.
86.2%
Nah, I prefer to be sober when risking my life.
85.9%
Hey, smooth is smooth, baby.
85.2%
Uh, no, because that would make it, um, structurally unsound.
84.3%
I'd say nothing. Nothing's good. Go with nothing.
83.3%
% Correct
So is watching television and eating candy, but you do it because it feels good.
81.4%
I'm helping people, you're running guns! Big difference!
81.1%
In my defense, I didn't know so many people would be lining up to ruin your life.
79.6%
I'm working on that.
78.6%
Oh, please. If a nuisance like Randall can kill me, then I deserve it.
78.4%
I've had stranger dates.
78%
I don't like your whining. Are you gonna pout all night?
75.7%
Did I ever tell you that you're the reason I drink, Mikey?
75.5%
Tanning is an art and a science, Mike.
72.6%
I don't want relationship from you today.
61.9%
Free yogurt. Lots of free yogurt.
56.5%
Remove Ads.
Support Sporcle.
Get the best of Sporcle when you Go Orange. This ad-free experience offers more features, more stats, and more fun while also helping to support Sporcle. Thank you for becoming a member.

You're not logged in!

Compare scores with friends on all Sporcle quizzes.
OR
Log In

Show Comments

Extras

Top Quizzes Today


Score Distribution

Your Account Isn't Verified!

In order to create a playlist on Sporcle, you need to verify the email address you used during registration. Go to your Sporcle Settings to finish the process.

Report this User

Report this user for behavior that violates our Community Guidelines.

Details: